[Event "POL Olympiad U14 Girls"]
[Site "Drzonkow"]
[Date "2017.04.06"]
[Round "6"]
[White "Wawrzyniak, Weronika"]
[Black "Mirowska, Oliwia"]
[Result "0-1"]
[WhiteElo "1397"]
[BlackElo "1295"]
[PlyCount "98"]
[EventDate "2017.04.02"]
[EventType "swiss"]
[EventRounds "9"]
[EventCountry "POL"]
[SourceTitle "EXT 2020"]
[Source "ChessBase"]
[SourceDate "2019.10.17"]
[SourceVersion "1"]
[SourceVersionDate "2019.10.17"]
[SourceQuality "1"]

1. d4 d5 2. Nc3 e6 3. e4 dxe4 4. Nxe4 Nf6 5. Bg5 Be7 6. Nxf6+ Bxf6 7. Bxf6 Qxf6 8. Qd2 0-0 9. 0-0-0 Nc6 10. Nf3 a6 11. Qe3 Rd8 12. g4 Nb4 13. Kb1 b5 14. Be2 Bb7 15. Rhg1 a5 16. h4 Bd5 17. a3 Ba2+ 18. Kc1 Nd5 19. Qe5 Qe7 20. Bd3 b4 21. a4 b3 22. c4 Nb4 23. Be4 Rac8 24. Bb7 Rb8 25. Be4 Nc2 26. Qc5 Qf6 27. Rd2 Rb4 28. Bc6 Qf4 29. Qe7 Rf8 30. Qc5 Na3 31. Ne5 Nb1 32. Rgd1 Nxd2 33. Rxd2 Qh2 34. Nd7 Rc8 35. Kd1 Qg1+ 36. Ke2 Bb1 37. Ne5 Qh2 38. Qe7 Qf4 39. Be8 h6 40. Bxf7+ Kh7 41. Bxe6 Rf8 42. Nf7 Qe4+ 43. Kf1 Qh1+ 44. Ke2 Rbb8 45. Qd7 Rbe8 46. d5 Bg6 47. Nxh6 Qf3+ 48. Kf1 Kxh6 49. Bf5 Qh1# 0-1

[Event "POL-chT U19 2nd League"]
[Site "Iwonicz"]
[Date "2016.07.31"]
[Round "5.17"]
[White "Wawrzyniak, Weronika"]
[Black "Dwilewicz, Katarzyna"]
[Result "0-1"]
[WhiteElo "1322"]
[BlackElo "1786"]
[PlyCount "108"]
[EventDate "2016.07.23"]
[EventType "team-swiss"]
[EventRounds "11"]
[EventCountry "POL"]
[SourceTitle "EXT 2019"]
[Source "ChessBase"]
[SourceDate "2018.10.10"]
[SourceVersion "1"]
[SourceVersionDate "2018.10.10"]
[SourceQuality "1"]
[WhiteTeam "Kalisz KTS U19"]
[BlackTeam "Konin UKS Smecz U19"]
[WhiteTeamCountry "POL"]
[BlackTeamCountry "POL"]

1. f4 d5 2. Nf3 Nf6 3. b3 g6 4. Bb2 Bg7 5. e3 c5 6. Be2 0-0 7. 0-0 Nbd7 8. h3 b6 9. d3 Bb7 10. Nbd2 Re8 11. Ne5 Nxe5 12. Bxe5 Nd7 13. Bxg7 Kxg7 14. Nf3 e5 15. f5 e4 16. Nh2 Qg5 17. fxg6 hxg6 18. dxe4 Qxe3+ 19. Kh1 Rxe4 20. Bf3 Rd4 21. Qe1 Re8 22. Qxe3 Rxe3 23. Rae1 Rxe1 24. Rxe1 Kf8 25. Ng4 Rd2 26. Ne3 Ne5 27. Rf1 Nxf3 28. gxf3 d4 29. Nc4 Rxc2 30. Nd6 Bd5 31. Re1 Bxf3+ 32. Kg1 d3 33. Re8+ Kg7 34. Nc4 Rxc4 35. bxc4 d2 36. Rd8 d1Q+ 37. Rxd1 Bxd1 38. Kf2 Bc2 39. Ke3 Kf6 40. Kd2 Bb1 41. a4 Ke5 42. Kc3 f5 43. Kb3 f4 44. a5 f3 45. axb6 axb6 46. Ka4 f2 47. Kb5 f1Q 48. Kxb6 Qxc4 49. Kc6 Be4+ 50. Kd7 Qe6+ 51. Kc7 Qc6+ 52. Kd8 Qb7 53. Ke8 Ke6 54. Kf8 Qf7# 0-1

[Event "POL-chT U19 Wielkopolskie"]
[Site "Poland"]
[Date "2016.04.03"]
[Round "9.5"]
[White "Dixa, Joanna"]
[Black "Wawrzyniak, Weronika"]
[Result "0-1"]
[WhiteElo "1234"]
[BlackElo "1315"]
[PlyCount "134"]
[EventDate "2016.02.13"]
[EventType "team-tourn"]
[EventRounds "9"]
[EventCountry "POL"]
[SourceTitle "EXT 2019"]
[Source "ChessBase"]
[SourceDate "2018.10.10"]
[SourceVersion "1"]
[SourceVersionDate "2018.10.10"]
[SourceQuality "1"]

1. e4 e6 2. d4 d5 3. e5 c5 4. dxc5 Bxc5 5. Bb5+ Bd7 6. Bxd7+ Nxd7 7. Nf3 Ne7 8. 0-0 Ng6 9. Re1 Qb6 10. Qe2 0-0 11. Nc3 Qc6 12. Be3 Rac8 13. Nd4 Qc7 14. f4 a6 15. Rf1 Bxd4 16. Bxd4 Qc4 17. Qxc4 Rxc4 18. Rad1 Ne7 19. Rd2 Nf5 20. Rfd1 Rfc8 21. g3 b5 22. a3 R4c6 23. Bf2 Nb6 24. Bxb6 Rxb6 25. Kf2 Rbc6 26. g4 Ne7 27. Rc1 Ng6 28. Ne2 Nf8 29. Kf3 Nd7 30. Nd4 R6c7 31. Nb3 Nb6 32. Na5 f6 33. Re2 Kf7 34. c3 d4 35. Rec2 dxc3 36. Rxc3 Rxc3+ 37. Rxc3 Rxc3+ 38. bxc3 Na4 39. c4 bxc4 40. Nxc4 Ke7 41. Ke4 Kd7 42. Kd4 fxe5+ 43. Nxe5+ Ke7 44. Nc6+ Kd6 45. Ne5 Nb2 46. Nf7+ Ke7 47. Ng5 h6 48. Ne4 Na4 49. Nc5 Nxc5 50. Kxc5 Kf6 51. h4 g6 52. a4 h5 53. gxh5 gxh5 54. Kb6 Kf5 55. Kxa6 Kxf4 56. Kb7 e5 57. a5 e4 58. a6 e3 59. a7 e2 60. a8Q e1Q 61. Qf8+ Kg4 62. Qf6 Qxh4 63. Qd4+ Kh3 64. Qe3+ Qg3 65. Qe6+ Kh2 66. Qe2+ Qg2+ 67. Qxg2+ Kxg2 0-1

[Event "POL-chT U19 Wielkopolskie"]
[Site "Poland"]
[Date "2016.02.13"]
[Round "1.5"]
[White "Kostecka, Marika"]
[Black "Wawrzyniak, Weronika"]
[Result "1-0"]
[WhiteElo "1699"]
[BlackElo "1315"]
[PlyCount "105"]
[EventDate "2016.02.13"]
[EventType "team-tourn"]
[EventRounds "9"]
[EventCountry "POL"]
[SourceTitle "EXT 2019"]
[Source "ChessBase"]
[SourceDate "2018.10.10"]
[SourceVersion "1"]
[SourceVersionDate "2018.10.10"]
[SourceQuality "1"]

1. e4 c5 2. Nf3 e6 3. d4 cxd4 4. Nxd4 a6 5. c4 Qc7 6. Be2 Nf6 7. Qc2 Be7 8. 0-0 Qe5 9. Be3 Qxe4 10. Bd3 Qh4 11. Nd2 Ng4 12. N2f3 Nxe3 13. fxe3 Qh6 14. Rae1 Nc6 15. Nxc6 bxc6 16. Ne5 0-0 17. Ng4 Qh4 18. Qd1 f5 19. Ne5 Bf6 20. Nf3 Qh6 21. Qc2 d5 22. cxd5 cxd5 23. Qc6 Bxb2 24. Qxa8 Bd7 25. Qxa6 Qf6 26. Re2 Bc3 27. Qb6 Rc8 28. Bb5 Bxb5 29. Qxb5 Rd8 30. Qb6 Qe7 31. Rc1 Bf6 32. Rc7 Qa3 33. Qxe6+ Kh8 34. Ne5 Bxe5 35. Qxe5 Rg8 36. Rec2 Qa5 37. Qc3 Qa6 38. Rc8 Qa7 39. Rxg8+ Kxg8 40. Qc8+ Kf7 41. Rc7+ Qxc7 42. Qxc7+ Kg6 43. a4 Kf6 44. a5 g5 45. a6 f4 46. exf4 gxf4 47. a7 d4 48. a8R d3 49. Ra6+ Kg5 50. Qc5+ Kg4 51. h3+ Kh4 52. Rh6+ Kg3 53. Qg5# 1-0

[Event "POL-chT3 Wielkopolskie 1415"]
[Site "Poland"]
[Date "2014.12.07"]
[Round "3.36"]
[White "Sobierska, Wioletta"]
[Black "Wawrzyniak, Weronika"]
[Result "1-0"]
[WhiteElo "2019"]
[BlackElo "1346"]
[PlyCount "43"]
[EventDate "2014.11.30"]
[EventType "team-tourn"]
[EventRounds "11"]
[EventCountry "POL"]
[SourceTitle "EXT 2019"]
[Source "ChessBase"]
[SourceDate "2018.10.10"]
[SourceVersion "1"]
[SourceVersionDate "2018.10.10"]
[SourceQuality "1"]

1. e4 e6 2. d4 d5 3. exd5 exd5 4. Nf3 Bg4 5. h3 Bh5 6. c4 Nc6 7. Nc3 Nge7 8. Be2 Qd6 9. 0-0 0-0-0 10. Nb5 Qd7 11. Bf4 dxc4 12. Bxc7 Re8 13. Bh2 Nd5 14. Rc1 g5 15. Rxc4 Nf4 16. Nxa7+ Kb8 17. Nxc6+ bxc6 18. Bxf4+ gxf4 19. Ne5 Qe6 20. Qb3+ Kc8 21. Bxh5 Re7 22. Rxc6+ 1-0

[Event "POL-chT U19 2nd League"]
[Site "Szczyrk"]
[Date "2014.08.01"]
[Round "10.30"]
[White "Waszczuk, Patrycja"]
[Black "Wawrzyniak, Weronika"]
[Result "1/2-1/2"]
[WhiteElo "1519"]
[BlackElo "1216"]
[PlyCount "152"]
[EventDate "2014.07.25"]
[EventType "team-swiss"]
[EventRounds "11"]
[EventCountry "POL"]
[SourceTitle "EXT 2015"]
[Source "ChessBase"]
[SourceDate "2014.11.20"]
[SourceVersion "1"]
[SourceVersionDate "2014.11.20"]
[SourceQuality "1"]
[WhiteTeam "Krakow Wisla U19"]
[BlackTeam "Kalisz KTS U19"]
[WhiteTeamCountry "POL"]
[BlackTeamCountry "POL"]

1. e4 e6 2. d4 d5 3. Nc3 Nf6 4. e5 Nfd7 5. Nf3 c5 6. Bf4 Nc6 7. Bb5 a6 8. Bxc6 bxc6 9. 0-0 Be7 10. Re1 0-0 11. Qd2 Rb8 12. Rab1 c4 13. Bg5 f6 14. exf6 Nxf6 15. Ne5 Bd7 16. Qe2 Ne8 17. Bxe7 Qxe7 18. Nxd7 Qxd7 19. Qxe6+ Qxe6 20. Rxe6 Rf6 21. Re7 Rf7 22. Rxf7 Kxf7 23. Na4 Nd6 24. Nc5 c3 25. b3 Rb4 26. Na4 Nb5 27. Rd1 Rxd4 28. Rxd4 Nxd4 29. Nxc3 Nxc2 30. Kf1 Ke6 31. Ke2 Nd4+ 32. Kd3 Nb5 33. Ne2 c5 34. f3 Na7 35. h3 Nc6 36. a3 Ne5+ 37. Ke3 a5 38. f4 Nc6 39. g4 g6 40. Nc1 Nd4 41. Kd3 Nb5 42. a4 Nd4 43. Ke3 Nc2+ 44. Kd3 Nb4+ 45. Kc3 h5 46. Ne2 hxg4 47. hxg4 Kf6 48. Ng3 Nc6 49. Ne2 Nd8 50. Nc1 Nb7 51. Nd3 Ke6 52. Kd2 c4 53. bxc4 dxc4 54. Ne5 Nd6 55. Kc3 g5 56. Nxc4 Nxc4 57. Kxc4 gxf4 58. Kd4 Kf6 59. Ke4 Kg5 60. Kf3 Kf6 61. Kxf4 Kg6 62. g5 Kg7 63. Kf5 Kf7 64. g6+ Kg7 65. Kg5 Kg8 66. Kf6 Kh8 67. Ke5 Kg7 68. Kd5 Kxg6 69. Kc5 Kf6 70. Kb5 Ke6 71. Kxa5 Kd7 72. Kb6 Kc8 73. Ka7 Kc7 74. a5 Kc8 75. a6 Kc7 76. Ka8 Kc8 1/2-1/2

[Event "POL-chT U19 2nd League"]
[Site "Szczyrk"]
[Date "2014.07.26"]
[Round "2.24"]
[White "Wawrzyniak, Weronika"]
[Black "Trusz, Julia"]
[Result "1/2-1/2"]
[WhiteElo "1216"]
[BlackElo "1508"]
[PlyCount "161"]
[EventDate "2014.07.25"]
[EventType "team-swiss"]
[EventRounds "11"]
[EventCountry "POL"]
[SourceTitle "EXT 2015"]
[Source "ChessBase"]
[SourceDate "2014.11.20"]
[SourceVersion "1"]
[SourceVersionDate "2014.11.20"]
[SourceQuality "1"]
[WhiteTeam "Kalisz KTS U19"]
[BlackTeam "Opole Rodlo U19 II"]
[WhiteTeamCountry "POL"]
[BlackTeamCountry "POL"]

1. e4 c5 2. Nf3 Nc6 3. d4 cxd4 4. Nxd4 Nf6 5. f3 d6 6. c4 g6 7. Be2 Bg7 8. Be3 Bd7 9. 0-0 0-0 10. Nc3 a6 11. Qd2 Nxd4 12. Bxd4 Qa5 13. a3 Rac8 14. b4 Qc7 15. Rac1 Be6 16. Nd5 Bxd5 17. exd5 Qd7 18. Bd1 Nh5 19. Bb3 Rfe8 20. Rfe1 Bxd4+ 21. Qxd4 Nf6 22. a4 Rc7 23. c5 Rec8 24. Re2 Qf5 25. Rec2 Nd7 26. c6 bxc6 27. dxc6 Nb8 28. Qd5 Qxd5 29. Bxd5 e6 30. Be4 d5 31. Bd3 Rxc6 32. Rxc6 Rxc6 33. Rxc6 Nxc6 34. Bxa6 Nxb4 35. Bb5 d4 36. a5 Nd5 37. a6 Nc7 38. Bf1 Kf8 39. a7 Ke7 40. Ba6 Kd6 41. Kf2 Kc6 42. Ke2 Kb6 43. Bc4 f6 44. Bxe6 Kxa7 45. Bg8 h6 46. Kd3 Nb5 47. Bc4 Nd6 48. Kxd4 Nf5+ 49. Ke4 Kb6 50. Bd3 Ne7 51. g4 Kc5 52. h3 Kd6 53. Ke3 g5 54. Ke4 Kc5 55. Bf1 Kc6 56. Bc4 Kd6 57. f4 Kc5 58. Bf1 gxf4 59. Kxf4 Kd4 60. Bb5 Kd5 61. Be8 Ke6 62. h4 Nd5+ 63. Ke4 Nc3+ 64. Kf4 Ne2+ 65. Ke3 Nc3 66. Bg6 Nd5+ 67. Kf3 Ne7 68. Bb1 Ke5 69. Bc2 Nc6 70. Bb1 Nd8 71. Ke3 Ne6 72. Bf5 Ng7 73. Bg6 Ne6 74. Bf5 Nc7 75. Be4 Ne8 76. Bg6 Nd6 77. Bd3 Ke6 78. Kf4 Kd5 79. g5 fxg5+ 80. hxg5 hxg5+ 81. Kxg5 1/2-1/2